| 000 | 01526nam a2200409Ii 4500 | ||
|---|---|---|---|
| 001 | DIGEDUV0261 | ||
| 003 | NyNyDIG | ||
| 006 | m o d | ||
| 007 | cr ||||||||||| | ||
| 008 | 240902s2019 ag ob 000 0 spa d | ||
| 035 | _a(OCoLC)1454786039 | ||
| 040 |
_aDGITA _beng _erda _epn _cDGITA |
||
| 020 |
_a9789876995825 _qeBook |
||
| 020 | _z9789876995801 | ||
| 050 | 1 | 4 | _aPQ7797.S22435 ebook |
| 100 | 1 |
_aWalker, Carlos, _d1980- _eauthor. |
|
| 245 | 1 | 3 |
_aEl horror como forma en Juan José Saer / _cCarlos Walker. |
| 264 | 1 |
_aVilla María, Córdoba, Argentina : _bEduvim, _c[2019] |
|
| 300 | _a1 online resource. | ||
| 336 |
_atext _btxt _2rdacontent |
||
| 337 |
_acomputer _bc _2rdamedia |
||
| 338 |
_aonline resource _bcr _2rdacarrier |
||
| 347 |
_atext file _2rdaft |
||
| 347 | _bEPUB | ||
| 490 | 1 | _aJQKA | |
| 504 | _aIncludes bibliographical references. | ||
| 588 | 0 | _aOnline resource; title from ePub title page (Digitalia, viewed September 2, 2024) | |
| 600 | 1 | 0 |
_aSaer, Juan José, _d1937-2005 _xCriticism and interpretation. |
| 650 | 0 | _aHorror in literature. | |
| 791 | 2 |
_aDigitalia (Firm), _edistributor. |
|
| 793 | 0 |
_gDigitalia eBook Collection: _aEdiciones Eduvim |
|
| 776 | 0 | 8 |
_iPrint version: _aWalker, Carlos, 1980- _tHorror como forma en Juan José Saer. _dVilla María, Córdoba, Argentina : Eduvim, [2019] _z9789876995801 |
| 830 | 0 | _aJQKA libros. | |
| 856 | 4 | 0 |
_3Digitalia Hispánica _uhttps://www.digitaliapublishing.com/a/158254/ |
| 910 | _aPremium collection: 2024 | ||
| 942 | _cRAA | ||
| 999 |
_c287495 _d287495 |
||